00786nam a22002057a 450000500170000001000150001702000270003203500140005903700130007308200080008610000270009424500590012126000330018027001400021330000260035350000380037994200220041799900190043995201220045820180503104012.0 aENG-122820 a9789385289170c1095.00 aEN-106352 bDBAD/PUB a921 aChaudhary, Shailesh K. aPandit Deendayal Upadhyaya /cby Shailesh K. Chaudhary aNew DelhibSolar Booksc2017 a4239A/1, Veer Sadan, Ansari Road (Behind Delhi Hospital), Darya Ganj,bNew Delhie110002k011-43505201/02/03msales.solarbook@gmail.com avii, 267p.c23cm (Hb) aIt include bibliography and index 2ddccENmCHAh921 c151794d151794 001040718NFICaDBADbBNd2018-05-01eDBAD/PUBg1095.00l0o921 CHApEN-106352r2018-05-01 00:00:00t1v1095.00yEN